Normal view
MARC view
Entry Personal Name
001 - CONTROL NUMBER
- control field: 52262
003 - CONTROL NUMBER IDENTIFIER
- control field: ARRUPE
005 - DATE AND TIME OF LATEST TRANSACTION
- control field: 20230327120051.0
008 - FIXED-LENGTH DATA ELEMENTS
- fixed length control field: 230327|| aca||aabn | a|a d
040 ## - CATALOGING SOURCE
- Original cataloging agency: ARRUPE
- Transcribing agency: ARRUPE
100 ## - HEADING--PERSONAL NAME
- Personal name: George .E.Ganss
670 ## - SOURCE DATA FOUND
- Source citation: Work cat.: (ARRUPE)131706: George .E.Ganss., The Jesuit brothers' vocation, 1983.